000 00682nam a22002057a 4500
001 2162214035923969
003 UA-OsUOA
005 20230817152523.0
008 230815b un ||||| |||| 00| 0 ukr d
040 _aUA-OsUOA
_bukr
_cUA-OsUOA
_dUA-OsUOA
041 _aukr
080 _a09:050
090 _a09:050
245 _aІдея і чин
_bпередрук підпільних матеріялів
_n№10
260 _c1946
300 _a108 с.
650 _2UDC
_a050 Серіальні видання. Періодика
942 _2udc
_cBK
999 _c574891
_d574891